|
|
|
|
| LEADER |
00875nab a2200229 i 4500 |
| 001 |
misc62374 |
| 005 |
20230112113516.0 |
| 008 |
220414s1961 hu o 0|| eng d |
| 040 |
|
|
|a SZTE Miscellanea Repozitórium
|b hun
|
| 041 |
|
|
|a eng
|
| 100 |
1 |
|
|a Henning Walter Bruno
|
| 245 |
1 |
2 |
|a A Sassanian silver bowl from Georgia
|h [elektronikus dokumentum] /
|c Henning Walter Bruno
|
| 260 |
|
|
|c 1961
|
| 300 |
|
|
|a 353-356
|c 25 cm
|
| 300 |
|
|
|a [4] p.
|c 25 cm
|
| 490 |
0 |
|
|a Bulletin of the School of Oriental Studies;Bulletin of the School of Oriental and African Studies
|
| 561 |
|
|
|a Németh Gyula hagyaték
|
| 591 |
|
|
|a LOP 1518; NOP 2308
|
| 650 |
|
4 |
|a Bölcsészettudományok
|
| 650 |
|
4 |
|a Nyelvek és irodalom
|
| 695 |
|
|
|a Felirat - pehlevi nyelvű - 3. sz. - Grúzia, Pehlevi nyelvemlék - 3. sz.
|
| 856 |
4 |
0 |
|u http://misc.bibl.u-szeged.hu/62374/1/2308_nop_h60.pdf
|z Dokumentum-elérés
|